1079 1611 1435 1295 1148 1670 1633 1732 1824 1018 1906 1495 1152 1865 1701 1466 1412 1131 1634 1676 1156 1935 1330 1377 1893 1602 1933 1005 1132 1010 1496 1613 1553 1755 1171 1970 1777 1117 1570 1260 1890 1259 1959 1908 1134 1924 1394 1538 1280 1134 1725 1779 1006 1608 1391 1038 1730 1104 1563 1778 1930 1329 1237 1270 1160 1970 1508 1385 1645 1090 1861 1318 1428 1277 1434 1689 1757 1687 1885 1513 1361 1930 1230 1383 1308 1911 1604 1758 1651 1021 1091 1447 1729 1843 1090 1658 1837 1321 1903 BCNSPRNW ULIB Ver.6.0+V

เปลี่ยนเป็นภาษาไทย

Change to English
 แสดงรายละเอียดบรรณานุกรม
  กลับหน้าหลัก

Brief Record : Get Marc (ISO 2709) : E-mail record : QR code < ปิดหน้าต่าง
LEADER : 00000nam 2200000uu 4500
001    13399111836
003     ULIB
008    110627s2552||||th 000 0 tha d
020    9789749935583
090    นว.^bภ478ต 2552
100 0  ภาวิน
245 00 ตะวันฉายในม่านเมฆ/^cภาวิน
250    พิมพ์ครั้งที่ 1
260    กรุงเทพฯ :^bอรุณ,^c2552
300    344 หน้า
945    ^p229^l0^i028080
995    ทศพร
999 ^a ใช้งานได้ทุกระบบ
รายการนี้ยังไม่มีแท็ก
คุณยังไม่ได้ล็อกอิน คุณสามารถมีกิจกรรมร่วมกับเว็บไซต์ได้ แต่ต้องล็อกอินก่อน ::
  ล็อกอิน

รายการสื่อสารสนเทศ

ลำดับที่ ประเภท เลขเรียก/บาร์โค้ด สถานที่ สถานะ
- ไม่พบข้อมูล -

รายการใกล้เคียง
    ผู้แต่ง [ภาวิน]

BibComment


ยังไม่เคยถูกคอมเมนท์

คอมเมนท์ทรัพยากรรายการนี้
  คอมเมนท์: ตะวันฉายในม่านเมฆ..


 Copyright 2026. Bcnsprnw @Library